Le titre est dans les paroles - Clara Ysé - Statistiques

Statistiques générales
  • Ce quiz a été pris 14 fois
  • Le résultat moyen est 7 sur 15
Statistiques - réponses
Réponse % Correct
Toi qui crois que je suis {douce}Respecte quand je te repousse
100%
Ce matin il est arrivé une chose bien étrange{Le} {monde} {s'est} {dédoublé}
78%
J'ai gardé de {la} {maison} quelques photographiesQuelques objets volés et les draps de ton lit
78%
{La} {louve} cavale à minuitQuand la course s'emballe elle gémit
67%
Vous êtes {souveraines}Vous êtes {souveraines} Vous êtes {souveraines} Femmes qui côtoyez la haine
67%
On dirait que l'amour nous a ravisAvec toi j'aperçois le {soleil} {à} {minuit}
56%
Elle habitait dans {le} {désert}On l'appelait la sorcière
44%
{Les} {rois} {du} {désespoir}{Les} {rois} {du} {désespoir} {Les} {rois} {du} {désespoir} {Les} {rois} {du} {désespoir} Se regardent dans le noir
44%
Quand la vie nous réunira{On} {s'aimera}, {on} {s'aimera}
44%
{Ce} {soir} {avec} {vous}La vie se distingue
33%
Plonge et sens la violence du courantQui soulève, soulève {l'ocean}
33%
{Pyromanes} de l'ennuiIl est temps de cramer le silence
22%
Salen barcos y nieblasSalen mundos enteros Quédate, {Libertad} {Libertad} {Libertad} {Libertad}
22%
Le moteur s'envole{Voyage} {équinoxial} La partie est déloyale
11%
{Mama}, if you're lost take my love and your journey will be bright{Mama}, with your smile I swear I will bring back the lights
11%
Aucun quiz correspondant
Distribution des résultats
% des personnes avec chaque résultat
Percentile par nombre de réponses
Votre historique - résultats
Vous n’avez pas pris ce quiz